Processy integracii v ASU

Saved in:
Bibliographic Details
Main Author: Šichajev, Kirill Nikolajevič
Other Authors: Pantelejev, Vladimir Nikolajevič, Rep'jev, Jurij Michajlovič
Format: Book
Language:Russian
Published: Moskva Finansy i statistika 1982
Tags: Add Tag
No Tags, Be the first to tag this record!

MARC

LEADER 00000nam a2200000 4500
001 c128911
005 20041019155244.9
041 0 |a rus 
044 |a RU 
245 1 0 |a Processy integracii v ASU  |c Kirill Nikolajevič Šichajev, Vladimir Nikolajevič Pantelejev, Jurij Michajlovič Rep'jev 
264 1 |a Moskva  |b Finansy i statistika  |c 1982 
300 |a 223 s. 
100 1 |a Šichajev, Kirill Nikolajevič 
700 1 |a Pantelejev, Vladimir Nikolajevič 
700 1 |a Rep'jev, Jurij Michajlovič